00802nam a2200241Ia 4500003000400000005001700004008004100021040000700062041000800069082001900077100004500096245004300141260005400184300001000238365001300248440000900261650003700270650003000307906004400337942001200381999001900393952014800412OSt20230522154936.0210423s2002 xx 000 0 und d cAL aeng a323 223bIIHR aINDIAN INSTITUTE OF HUMAN RIGHTS9110687 aHuman rights activism and role of NGOs aNew DelhibIndian Institute of Human Rightsc2002 a1,122 b250cINR v4B.1 aCivil & Political Rights9110688 aPolitical Science9110689 aactivism ; Human ; NGOs ; rights ; role 2ddccBK c172754d172754 001040708MSWaSACPGbSACPGd2002-04-11eIndian Institute of Human Rightsg250.00l0o323 IIHRpPG019309r2022-08-24 00:00:00w2021-04-26yBK